000 01332 a2200181 4500
020 _a0273606182 (paperback)
020 _a9780273606185 (paperback)
090 _c5081
_d5081
100 1 _aBourne, Lynda.
245 1 0 _aAdministration :
_bnvq level 1 /
_cLynda Bourne, Pam Scott.
250 _a2nd ed.
260 _a[S.l.] :
_bFinancial Times Prentice Hall,
_c1994.
300 _a240 p.
520 _aThis text contains up-to-date information on office technology and hints on coping with a range of office tasks, all based on practical experience. It provides office-style individual and group activities which aim to prepare students for attaining the NVQ qualification. Each unit ends with review questions and answers for students to check their progress. Many individual and group practical activities are also provided, offering preparation for the awards. The activities aim to bring the real world of work to the training office or classroom. The books tell students how things are really done in an office and what will be expected of them. Focus is on the acquisition of underpinning theoretical knowledge as well as the development of competence-based practical skills.
700 1 _aScott, Pam.
856 4 0 _3Amazon.com
_uhttp://www.amazon.com/exec/obidos/ASIN/0273606182/chopaconline-20
942 _aNBS
_cBK
_k658 BOU
999 _c347503
_d347503